Normal view
MARC view
- STOESSINGER,G.JOHN
Entry Personal Name
001 - CONTROL NUMBER
- control field: 132722
003 - CONTROL NUMBER IDENTIFIER
- control field: NUST
005 - DATE AND TIME OF LATEST TRANSACTION
- control field: 20260106104749.0
008 - FIXED-LENGTH DATA ELEMENTS
- fixed length control field: 260106|| aca||aabn | a|a d
040 ## - CATALOGING SOURCE
- Original cataloging agency: NUST
- Transcribing agency: NUST
100 ## - HEADING--PERSONAL NAME
- Personal name: STOESSINGER,G.JOHN
670 ## - SOURCE DATA FOUND
- Source citation: Work cat.: (NUST): STOESSINGER,G.JOHN., WHY NATIONS GO TO WAR /, 2003.
